000 00704nam a2200181Ia 4500
008 151202s9999||||xx |||||||||||||| ||und||
082 _bPNVM-73255
100 _aपुरोहित के.ज.(शांताराम).
245 _aठेवणीतल्या चिजा.
260 _b"मॅजेस्टिक प्रकाशन,गिरगाव."
260 _c73255
300 _a186
600 _aपुरोहित के.ज.(शांताराम).
630 _aठेवणीतल्या चिजा.
700 _aपुरोहित के.ज.(शांताराम).
730 _aठेवणीतल्या चिजा.
942 _cBOOK
999 _c1339920
_d1339917